[Event "Treviso op-D 1st"]
[Site "Treviso"]
[Date "2017.03.18"]
[Round "2.18"]
[White "Cassanelli, Emma"]
[Black "Garau, Pietro"]
[Result "1-0"]
[WhiteElo "1298"]
[BlackElo "1407"]
[PlyCount "41"]
[EventDate "2017.03.17"]
[EventType "swiss"]
[EventRounds "5"]
[EventCountry "ITA"]
[SourceTitle "EXT 2024"]
[Source "ChessBase"]
[SourceDate "2023.10.10"]
[SourceVersion "1"]
[SourceVersionDate "2023.10.10"]
[SourceQuality "1"]

1. e4 d5 2. exd5 Qxd5 3. Nc3 Qa5 4. d4 c6 5. Bc4 Nf6 6. Nge2 Bg4 7. f3 Bh5 8. Bd2 Qc7 9. Bf4 Qd8 10. d5 cxd5 11. Bxd5 Nxd5 12. Nxd5 Qa5+ 13. Nec3 e6 14. Nc7+ Ke7 15. Bd6+ Kf6 16. Qd4+ e5 17. Qd2 Nc6 18. Ne4+ Kf5 19. g4+ Bxg4 20. c3 Rd8 21. Qg5# 1-0